01159nab a22002297a 4500999001500000003000400015005001700019008004100036040000700077100002600084245012900110260007300239300001500312500003500327505024100362505008100603650002300684650002400707650002900731773015600760942001300916 c6410d6410OSt20260202114527.0190429b xxu||||| |||| 00| 0 spa d cPJ 96552aSalvatori, Rita13aLa actuación del abogado del niño a partir del reposicionamiento de la víctima en el proceso penal / cRita Salvatori. cCiudad Autónoma de Buenos Aires :aThomson Reuters La Ley, b2023. ap. 173-184 aCita Online: AR/DOC/1522/2023. aSumario: I. Introducción.— II. Génesis del abogado del niño.— III. Capacidad para designar abogado del niño en un proceso penal.— IV. Funciones del abogado del niño.— V. Consideraciones finales.— VI. Bibliografía.  tSi te interesa el texto completo, solicitalo a koha@justierradelfuego.gov.ar 09343aDERECHO PENAL 0aPROCESO PENAL92348 0aABOGADO DEL NIÑO941050 0265893164tRevista de derecho penal y criminología. Nº 7 - Agosto 2023dCiudad Autónoma de Buenos Aires : Thomson Reuters La Ley, 2017-x00347914 2udccANA